000 00298nam a22001337a 4500
008 170606b xxu||||| |||| 00| 0 eng d
020 _a9780333721285
041 _aeng
080 _a321
100 _a18
101 _aSHP
245 _aINTERNATIONAL ORGANIZATION
_cRITTBERGER,V
942 _2udc
_cBK
999 _c16166
_d16166